[Event "Tournoi francophone 018F"]
[Site "Skype"]
[Date "????.??.??"]
[Round "1.1"]
[White "Gerbaux, Regis"]
[Black "Rodriguez, Nathalie"]
[Result "0-1"]
[WhiteElo "1072"]
[BlackElo "1164"]
[PlyCount "48"]

1. e4 c5 2. c3 Nc6 3. Nf3 d6 4. h3 Nf6 5. d3 e5 6. Bg5 Be7 7. Bxf6 Bxf6 8. a3
h6 9. b4 Be6 10. Nbd2 a6 11. Nb3 O-O 12. Be2 Re8 13. O-O Be7 14. Rb1 d5 15.
bxc5 dxe4 16. dxe4 Bxb3 17. Qxb3 Rb8 18. Rfd1 Qc7 19. Bc4 Rf8 20. Nh4 Na5 21.
Qb6 Qxb6 22. Bxf7+ Rxf7 23. Rxb6 Bxh4 24. Rdd6 Bxf2+ 0-1

[Event "Tournoi francophone 018F"]
[Site "Skype"]
[Date "????.??.??"]
[Round "1.2"]
[White "Montilla Bejarano, Mey"]
[Black "Colangelo, Michele"]
[Result "1-0"]
[WhiteElo "1088"]
[BlackElo "1158"]
[PlyCount "49"]

1. d4 d5 2. Nf3 Nc6 3. Bf4 Bf5 4. e3 a6 5. Nc3 Nf6 6. h3 e6 7. Be2 Bd6 8. Ne5
Ne7 9. O-O O-O 10. g4 Bg6 11. Nxg6 Nxg6 12. Bxd6 Qxd6 13. g5 Nh4 14. gxf6 gxf6
15. Bd3 Kh8 16. Qh5 Rg8+ 17. Kh1 Ng6 18. Rg1 e5 19. dxe5 fxe5 20. Bf5 c6 21.
Rg2 e4 22. Rag1 Qf6 23. Bxg6 fxg6 24. Rxg6 Qxf2 25. Qe5+ 1-0

[Event "Tournoi francophone 018F"]
[Site "Skype"]
[Date "????.??.??"]
[Round "1.3"]
[White "Maccaferri, Massimo"]
[Black "Tolaro, Filippa"]
[Result "0-1"]
[WhiteElo "1052"]
[BlackElo "1199"]
[PlyCount "50"]

1. e4 c6 2. d4 d5 3. exd5 cxd5 4. Nf3 Bf5 5. Ne5 Bg6 6. h4 Nf6 7. Qf3 Bh5 8.
Qg3 e6 9. Bb5+ Nbd7 10. Bg5 Be7 11. Bxf6 Bxf6 12. Nxd7 Bxd4 13. Nf6+ Kf8 14.
Nxh5 g6 15. Qg4 Bxb2 16. Qb4+ Kg8 17. Nf6+ Bxf6 18. Nc3 Qc7 19. Kd2 Be7 20. Qg4
h5 21. Qf3 Kg7 22. Rhg1 Bxh4 23. g4 Bg5+ 24. Kd3 Rac8 25. Bc4 Qxc4# 0-1

[Event "Tournoi francophone 018F"]
[Site "Skype"]
[Date "????.??.??"]
[Round "1.4"]
[White "Codina, Teresa"]
[Black "Ortis, Yves"]
[Result "1-0"]
[WhiteElo "1305"]
[BlackElo "1134"]
[PlyCount "153"]

1. d4 c6 2. Nf3 e6 3. Bf4 d6 4. h3 Nf6 5. e3 h6 6. Bd3 Nbd7 7. O-O Be7 8. Re1
O-O 9. Nbd2 Nd5 10. Bh2 Qb6 11. b3 Nb4 12. Bf1 c5 13. a3 Nd5 14. e4 Nc3 15. Qc1
cxd4 16. e5 d5 17. Nb1 Ne4 18. Bd3 Ndc5 19. Bxe4 Nxe4 20. c4 Qxb3 21. cxd5 Qxd5
22. Rd1 Bc5 23. Bf4 g5 24. Be3 b6 25. Bxd4 Bxd4 26. Rxd4 Qb7 27. Qc2 Nc5 28.
Nc3 a6 29. Rb1 b5 30. Ne2 Nd7 31. Ng3 Qb6 32. Nh5 Bb7 33. Nf6+ Nxf6 34. exf6
Rac8 35. Qd3 Bxf3 36. gxf3 Rfd8 37. Rxd8+ Rxd8 38. Qc2 Qd4 39. Qc7 Qxf6 40. Kg2
Kg7 41. Qc6 Qf5 42. Re1 Qd5 43. Qxa6 h5 44. Qb6 g4 45. hxg4 hxg4 46. Qe3 Qd2
47. Qe5+ f6 48. Qxe6 gxf3+ 49. Kxf3 Qc3+ 50. Re3 Qc5 51. Qe7+ Qxe7 52. Rxe7+
Kg6 53. Rb7 Rd3+ 54. Ke2 Rxa3 55. Rxb5 Ra2+ 56. Kf3 f5 57. Kg3 Kg5 58. f4+ Kg6
59. Rb6+ Kf7 60. Rh6 Ra3+ 61. Kh4 Kg7 62. Rc6 Ra7 63. Kg5 Rf7 64. Rg6+ Kf8 65.
Rb6 Rh7 66. Kxf5 Rh5+ 67. Ke4 Ke8 68. f5 Rh4+ 69. Ke5 Rh7 70. Ke6 Re7+ 71. Kd6
Rd7+ 72. Ke6 Re7+ 73. Kf6 Rf7+ 74. Ke5 Kf8 75. f6 Rc7 76. Ke6 Rf7 77. Rb8# 1-0

[Event "Tournoi francophone 018F"]
[Site "Skype"]
[Date "????.??.??"]
[Round "1.5"]
[White "Hargez, Dany"]
[Black "Dhenain, Sebastien"]
[Result "1-0"]
[WhiteElo "1296"]
[BlackElo "1079"]
[PlyCount "29"]

1. e4 e5 2. Nf3 Nc6 3. Bc4 Nf6 4. d3 Bc5 5. Bxf7+ Kxf7 6. Ng5+ Ke8 7. Nc3 Ng4
8. O-O Nf6 9. Nd5 h6 10. Nf3 Nxd5 11. exd5 Nd4 12. Nxe5 d6 13. Qh5+ g6 14.
Qxg6+ Ke7 15. Qf7# 1-0

[Event "Tournoi francophone 018F"]
[Site "Skype"]
[Date "????.??.??"]
[Round "2.2"]
[White "Ortis, Yves"]
[Black "Hargez, Dany"]
[Result "0-1"]
[WhiteElo "1134"]
[BlackElo "1296"]
[PlyCount "152"]

1. c4 e5 2. Nc3 Nf6 3. h3 Bc5 4. e3 O-O 5. Nge2 e4 6. g3 d6 7. Bg2 Bf5 8. Qb3
Bb6 9. Nd4 Bg6 10. O-O Nbd7 11. Nd5 Nc5 12. Qd1 Nd3 13. Nf4 Nxf4 14. gxf4 Bh5
15. Qc2 Bxd4 16. exd4 Bf3 17. Bh1 d5 18. c5 c6 19. d3 Nh5 20. dxe4 dxe4 21.
Bxf3 exf3 22. Be3 Qh4 23. Qf5 g6 24. Qg4 Qxg4+ 25. hxg4 Nf6 26. f5 Nxg4 27.
fxg6 fxg6 28. Bg5 Rf5 29. Be7 Nf6 30. Bd6 Rg5+ 31. Bg3 Nh5 32. Rfe1 Nxg3 33.
fxg3 Rxg3+ 34. Kf2 Rh3 35. Re3 Rf8 36. Rae1 Rh2+ 37. Kg3 Rg2+ 38. Kh3 Rxb2 39.
a3 h5 40. Rg1 Kh7 41. Re7+ Kh6 42. Re6 Rg2 43. Rf1 f2 44. Kxg2 Rf4 45. Rxf2
Rxd4 46. Rf3 Rg4+ 47. Kf2 h4 48. Rh3 Rf4+ 49. Ke3 Kg5 50. Re5+ Kg4 51. Rh1 Rf3+
52. Ke2 Kg3 53. Rg1+ Kf4 54. Reg5 Re3+ 55. Kd2 Rg3 56. Rf1+ Kxg5 57. Ke2 h3 58.
Kf2 Rg2+ 59. Kf3 Rg4 60. Rh1 Kh4 61. a4 Rxa4 62. Rg1 Ra3+ 63. Kf2 Rg3 64. Rh1
Rg2+ 65. Kf1 Kg3 66. Rxh3+ Kxh3 67. Ke1 g5 68. Kf1 Rh2 69. Ke1 g4 70. Kf1 Kg3
71. Ke1 Kg2 72. Ke2 Kh1+ 73. Ke3 g3 74. Kf3 g2 75. Ke4 g1=Q 76. Ke5 Re2+ 0-1

[Event "Tournoi francophone 018F"]
[Site "Skype"]
[Date "????.??.??"]
[Round "2.3"]
[White "Tolaro, Filippa"]
[Black "Codina, Teresa"]
[Result "1-0"]
[WhiteElo "1199"]
[BlackElo "1305"]
[PlyCount "49"]

1. Nf3 d5 2. d4 Nf6 3. b3 e6 4. Bb2 Bd6 5. e3 O-O 6. Bd3 b6 7. Ne5 Bxe5 8. dxe5
Nfd7 9. f4 c5 10. Qh5 h6 11. c4 Ba6 12. Nd2 Qe7 13. O-O Bb7 14. cxd5 exd5 15.
Qf5 g6 16. Qh3 h5 17. f5 Nxe5 18. f6 Qd7 19. Bxe5 Qxh3 20. gxh3 Nd7 21. Bd6
Rfe8 22. Rae1 Nxf6 23. Rxf6 Re6 24. Rxe6 fxe6 25. Bxg6 1-0

[Event "Tournoi francophone 018F"]
[Site "Skype"]
[Date "????.??.??"]
[Round "2.4"]
[White "Colangelo, Michele"]
[Black "Maccaferri, Massimo"]
[Result "1-0"]
[WhiteElo "1158"]
[BlackElo "1052"]
[PlyCount "39"]

1. e4 e5 2. Nf3 Nc6 3. Bc4 d6 4. h3 g5 5. d4 exd4 6. Nxd4 Nf6 7. Bxg5 Rg8 8.
Bh4 Be7 9. Nc3 Rxg2 10. Qd3 Bxh3 11. Qxh3 Rg8 12. Bxf6 Bxf6 13. Qxh7 Kd7 14.
Qxf7+ Qe7 15. Qh5 Rh8 16. Qg4+ Kd8 17. Rxh8+ Bxh8 18. Nd5 Qh7 19. Ne6+ Kd7 20.
Ng5+ 1-0

[Event "Tournoi francophone 018F"]
[Site "Skype"]
[Date "????.??.??"]
[Round "2.5"]
[White "Gerbaux, Regis"]
[Black "Montilla Bejarano, Mey"]
[Result "1/2-1/2"]
[WhiteElo "1072"]
[BlackElo "1088"]
[PlyCount "30"]

1. e4 d5 2. exd5 Qxd5 3. Nc3 Qa5 4. d4 Nf6 5. Bd2 Qb6 6. Nf3 Bf5 7. Rb1 e6 8.
Be2 h6 9. O-O Bd6 10. Be3 Qa5 11. Nb5 Be7 12. Bd2 Qb6 13. Be3 Qa5 14. Bd2 Qb6
15. Be3 Qa5 1/2-1/2

[Event "Tournoi francophone 018F"]
[Site "Skype"]
[Date "????.??.??"]
[Round "3.1"]
[White "Montilla Bejarano, Mey"]
[Black "Rodriguez, Nathalie"]
[Result "0-1"]
[WhiteElo "1088"]
[BlackElo "1164"]
[PlyCount "76"]

1. d4 d5 2. Nf3 h6 3. Bf4 Nc6 4. e3 Bf5 5. Bb5 e6 6. Ne5 Nge7 7. c3 a6 8. Nxc6
Nxc6 9. Bxc6+ bxc6 10. Qa4 Qd7 11. O-O Be7 12. c4 dxc4 13. Qxc4 O-O 14. Nd2 c5
15. e4 Bg6 16. dxc5 Rab8 17. c6 Qd8 18. b3 Bb4 19. Rfd1 Bxd2 20. Rxd2 Qf6 21.
e5 Qf5 22. Bg3 Qe4 23. Qxa6 Rb6 24. Qa4 Qxa4 25. bxa4 Rxc6 26. h4 Rc4 27. a5
Ra8 28. f3 Rxa5 29. Rd8+ Kh7 30. Kh2 Rc2 31. a3 Bh5 32. Kh3 Rac5 33. Rdd1 Rb2
34. a4 Rcc2 35. a5 Rxg2 36. a6 Bxf3 37. Rf1 Be4 38. a7 Bf5+ 0-1

[Event "Tournoi francophone 018F"]
[Site "Skype"]
[Date "????.??.??"]
[Round "3.2"]
[White "Maccaferri, Massimo"]
[Black "Gerbaux, Regis"]
[Result "0-1"]
[WhiteElo "1052"]
[BlackElo "1072"]
[PlyCount "74"]

1. e4 e5 2. Bc4 Bc5 3. Qh5 Qf6 4. Nh3 d6 5. g4 g6 6. Qg5 Bxf2+ 7. Ke2 Bh4 8.
Qxf6 Nxf6 9. Rf1 Bxg4+ 10. Ke3 Bxh3 11. Rf3 Bg5+ 12. Kd3 Bg2 13. Rg3 Bxe4+ 14.
Kc3 Bxc2 15. Kxc2 Ne4 16. Rf3 Nf6 17. Nc3 c6 18. d3 Bxc1 19. Rxc1 Nbd7 20. Ne4
d5 21. Nxf6+ Nxf6 22. Bb3 Ke7 23. Re1 e4 24. dxe4 dxe4 25. Rf4 Rad8 26. Ref1
Rd6 27. Kc3 Rf8 28. Bc2 Nd5+ 29. Kc4 Nxf4 30. Rxf4 f5 31. Kc5 Rd5+ 32. Kc4 e3
33. Rf3 Re5 34. Kd4 Ke6 35. Rh3 Re8 36. Rxh7 Re7 37. Rh6 e2 0-1

[Event "Tournoi francophone 018F"]
[Site "Skype"]
[Date "????.??.??"]
[Round "3.3"]
[White "Codina, Teresa"]
[Black "Colangelo, Michele"]
[Result "1-0"]
[WhiteElo "1305"]
[BlackElo "1158"]
[PlyCount "37"]

1. d4 d5 2. Nf3 Nf6 3. Bf4 Bf5 4. e3 a6 5. Bd3 Bg4 6. Nbd2 e6 7. h3 Bxf3 8.
Nxf3 Nc6 9. a3 Be7 10. O-O Bd6 11. Bxd6 Qxd6 12. Rc1 O-O 13. c4 b6 14. cxd5
Nxd5 15. Qc2 Nf6 16. Qxc6 Qxc6 17. Rxc6 Rac8 18. Bxa6 h6 19. Bxc8 1-0

[Event "Tournoi francophone 018F"]
[Site "Skype"]
[Date "????.??.??"]
[Round "3.4"]
[White "Hargez, Dany"]
[Black "Tolaro, Filippa"]
[Result "0-1"]
[WhiteElo "1296"]
[BlackElo "1199"]
[PlyCount "92"]

1. e4 c6 2. d4 d5 3. e5 Bf5 4. Nf3 e6 5. Bd3 Bxd3 6. Qxd3 c5 7. O-O cxd4 8.
Qxd4 Nc6 9. Qa4 Bc5 10. Be3 Qb6 11. Bxc5 Qxc5 12. Nbd2 Qb6 13. Qg4 g6 14. b3
Nh6 15. Qh4 Nf5 16. Qa4 O-O 17. c4 Nfd4 18. Nxd4 Qxd4 19. Nf3 Qb6 20. cxd5 exd5
21. Qh4 h5 22. Rad1 Qd8 23. Qf4 f5 24. Qh6 Qd7 25. Qxg6+ Qg7 26. Qxh5 Nxe5 27.
Nxe5 Qxe5 28. f4 Qh8 29. Qf3 Rad8 30. Rxd5 Rxd5 31. Qxd5+ Kh7 32. Rf3 Qa1+ 33.
Kf2 Qf6 34. Rh3+ Kg7 35. Qxb7+ Rf7 36. Qf3 Qb2+ 37. Kg3 Kf8 38. Qa8+ Ke7 39.
Qb7+ Ke6 40. Rh6+ Rf6 41. Qc8+ Kd5 42. Qd7+ Kc5 43. Qc7+ Kd5 44. Qa5+ Ke4 45.
Qxa7 Rxh6 46. Qe3+ Kxe3 0-1

[Event "Tournoi francophone 018F"]
[Site "Skype"]
[Date "????.??.??"]
[Round "4.1"]
[White "Rodriguez, Nathalie"]
[Black "Ortis, Yves"]
[Result "1-0"]
[WhiteElo "1164"]
[BlackElo "1134"]
[PlyCount "55"]

1. d4 d5 2. Bf4 Nc6 3. Nc3 e6 4. e3 Be7 5. Nb5 Bd7 6. Nxc7+ Kf8 7. Nxa8 Qxa8 8.
Nf3 h6 9. Bd3 Nf6 10. Ne5 Nxe5 11. Bxe5 Qc8 12. Rc1 Qc6 13. c4 Bb4+ 14. Ke2
dxc4 15. Rxc4 Qb5 16. Rc8+ Bxc8 17. Bxb5 a6 18. Bd3 Ke7 19. Qb3 Nd5 20. Bxg7
Rg8 21. Be5 f6 22. Bg3 h5 23. e4 h4 24. exd5 hxg3 25. Qxb4+ Kf7 26. hxg3 exd5
27. Rh7+ Ke6 28. Qe7# 1-0

[Event "Tournoi francophone 018F"]
[Site "Skype"]
[Date "????.??.??"]
[Round "4.3"]
[White "Colangelo, Michele"]
[Black "Hargez, Dany"]
[Result "1-0"]
[WhiteElo "1158"]
[BlackElo "1296"]
[PlyCount "65"]

1. e4 e5 2. Nf3 Nc6 3. Bc4 Nf6 4. Nc3 d6 5. h3 Be6 6. Bb5 Bd7 7. O-O Nd4 8. Be2
Be7 9. Re1 O-O 10. a3 Nh5 11. Nxd4 exd4 12. Nd5 Nf6 13. Nxf6+ Bxf6 14. c3 Qc8
15. d3 Bxh3 16. gxh3 Qxh3 17. Bg4 Qh4 18. c4 Be5 19. Kf1 Rae8 20. Qf3 Qe7 21.
Ke2 Bf6 22. Rh1 Bg5 23. Bxg5 Qxg5 24. Rh5 Qd8 25. Rah1 h6 26. Bf5 Re5 27. Qf4
Qf6 28. f3 Qe7 29. Qg4 g6 30. Rxh6 Kg7 31. Rh7+ Kf6 32. Qh4+ g5 33. Qh6# 1-0

[Event "Tournoi francophone 018F"]
[Site "Skype"]
[Date "????.??.??"]
[Round "4.4"]
[White "Gerbaux, Regis"]
[Black "Codina, Teresa"]
[Result "0-1"]
[WhiteElo "1072"]
[BlackElo "1305"]
[PlyCount "76"]

1. e4 c5 2. Nf3 d6 3. c3 d5 4. d4 cxd4 5. cxd4 dxe4 6. Ne5 Nf6 7. Bb5+ Nbd7 8.
Qb3 e6 9. Nc3 Bd6 10. O-O O-O 11. Re1 Nxe5 12. dxe5 Bxe5 13. Nxe4 Qc7 14. Bg5
Nxe4 15. Rxe4 Bxh2+ 16. Kf1 Bd6 17. Ree1 a6 18. Rac1 Qb8 19. Bd3 h6 20. Bd2 Bd7
21. Bb1 a5 22. Qd3 f5 23. Re3 Bf4 24. Rh3 Bxd2 25. Qxd2 Bb5+ 26. Kg1 Rf6 27.
Rcc3 Qd8 28. Qe1 Rg6 29. Rc1 Ra6 30. Rd1 Rd6 31. Rc1 Bc6 32. Re3 Rxg2+ 33. Kf1
Qb6 34. Rxe6 Qd8 35. Bxf5 Rh2 36. Rxd6 Rh1+ 37. Ke2 Rxe1+ 38. Kxe1 Qxd6 0-1

[Event "Tournoi francophone 018F"]
[Site "Skype"]
[Date "????.??.??"]
[Round "4.5"]
[White "Montilla Bejarano, Mey"]
[Black "Maccaferri, Massimo"]
[Result "1-0"]
[WhiteElo "1088"]
[BlackElo "1052"]
[PlyCount "33"]

1. d4 e5 2. dxe5 Nc6 3. Nf3 Qe7 4. Qd5 Nb4 5. Qb3 a5 6. Nc3 d6 7. e4 dxe5 8. a3
Nc6 9. Bc4 Nd4 10. Nxd4 exd4 11. Ne2 Qh4 12. Bxf7+ Kd8 13. Qd5+ Bd6 14. Bg5+
Nf6 15. Bxf6+ gxf6 16. Nxd4 Rg8 17. Bxg8 1-0

[Event "Tournoi francophone 018F"]
[Site "Skype"]
[Date "????.??.??"]
[Round "5.1"]
[White "Maccaferri, Massimo"]
[Black "Rodriguez, Nathalie"]
[Result "0-1"]
[WhiteElo "1052"]
[BlackElo "1164"]
[PlyCount "40"]

1. b3 d5 2. Ba3 Bf5 3. Nc3 Nc6 4. e3 Nf6 5. h3 d4 6. exd4 Nxd4 7. d3 g6 8. g4
Be6 9. g5 Nd5 10. Nxd5 Qxd5 11. Rh2 Qe5+ 12. Ne2 Nxe2 13. Qxe2 Qxa1+ 14. Qd1
Qe5+ 15. Kd2 Qxh2 16. Bb2 Qf4+ 17. Ke1 f6 18. gxf6 exf6 19. h4 Bg7 20. Bg2 c6
0-1

[Event "Tournoi francophone 018F"]
[Site "Skype"]
[Date "????.??.??"]
[Round "5.2"]
[White "Codina, Teresa"]
[Black "Montilla Bejarano, Mey"]
[Result "0-1"]
[WhiteElo "1305"]
[BlackElo "1088"]
[PlyCount "36"]

1. d4 Nf6 2. Nf3 e6 3. c3 c5 4. e3 Qa5 5. Be2 Qb6 6. O-O Nc6 7. b3 Be7 8. Bb2
Qc7 9. Qc2 Bd6 10. h3 h6 11. Nbd2 b5 12. Bxb5 g5 13. Bxc6 Qxc6 14. Rac1 g4 15.
Ne5 Bxe5 16. dxe5 gxh3 17. gxh3 Rg8+ 18. Kh2 Qg2# 0-1

[Event "Tournoi francophone 018F"]
[Site "Skype"]
[Date "????.??.??"]
[Round "5.3"]
[White "Hargez, Dany"]
[Black "Gerbaux, Regis"]
[Result "1-0"]
[WhiteElo "1296"]
[BlackElo "1072"]
[PlyCount "57"]

1. e4 c6 2. d4 d5 3. e5 Bf5 4. Bd3 Bxd3 5. Qxd3 e6 6. Nf3 Ne7 7. c4 dxc4 8.
Qxc4 Nd5 9. Bg5 Be7 10. Bxe7 Qxe7 11. Nbd2 O-O 12. Ne4 Nd7 13. Qb3 b6 14. O-O
f6 15. Rac1 c5 16. exf6 N5xf6 17. Nfg5 Rae8 18. d5 exd5 19. Nxf6+ Nxf6 20. Rfe1
Qc7 21. Ne6 Qe7 22. Re3 Ng4 23. Nxf8 Nxe3 24. Re1 Qxf8 25. fxe3 Qf7 26. Rf1 Qe6
27. Qd1 Qxe3+ 28. Kh1 Rf8 29. Qxd5+ 1-0

[Event "Tournoi francophone 018F"]
[Site "Skype"]
[Date "????.??.??"]
[Round "5.5"]
[White "Ortis, Yves"]
[Black "Tolaro, Filippa"]
[Result "1-0"]
[WhiteElo "1134"]
[BlackElo "1199"]
[PlyCount "83"]

1. e4 c6 2. Nf3 d5 3. Nc3 dxe4 4. Nxe4 Nd7 5. Bc4 e6 6. d4 Ngf6 7. Bg5 Be7 8.
Ng3 h6 9. Bxf6 Nxf6 10. h3 Qa5+ 11. c3 b5 12. b4 Qc7 13. Bd3 a5 14. a3 Nd5 15.
Nh5 Bf6 16. Qc2 axb4 17. c4 bxc4 18. Bxc4 Rxa3 19. Rxa3 bxa3 20. O-O O-O 21.
Bd3 Nb4 22. Bh7+ Kh8 23. Qe4 e5 24. Nxf6 gxf6 25. Nh4 Re8 26. Bf5 Rg8 27. Bxc8
Qxc8 28. Nf5 Rg5 29. Nxh6 exd4 30. Nxf7+ Kg7 31. Nxg5 fxg5 32. Qe7+ Kg6 33.
Qxb4 a2 34. Qxd4 Qa6 35. Ra1 Kh5 36. Qd2 c5 37. Rxa2 Qb6 38. g4+ Kh4 39. Qe3
Qb8 40. Rb2 Qf4 41. Qc3 Qd6 42. Qh8+ 1-0

[Event "Tournoi francophone 018F"]
[Site "Skype"]
[Date "????.??.??"]
[Round "6.1"]
[White "Rodriguez, Nathalie"]
[Black "Tolaro, Filippa"]
[Result "1/2-1/2"]
[WhiteElo "1164"]
[BlackElo "1199"]
[PlyCount "81"]

1. d4 d5 2. Bf4 Bf5 3. e3 Nf6 4. Nc3 e6 5. Nf3 Nbd7 6. Nb5 Bd6 7. Nxd6+ cxd6 8.
Bxd6 Qb6 9. Ba3 Qa5+ 10. c3 Ne4 11. Bb4 Qb6 12. Bd3 a5 13. Ba3 Qc7 14. Bxe4
Bxe4 15. O-O b5 16. b4 O-O 17. bxa5 Rfc8 18. Bb4 Nf6 19. h3 Bxf3 20. Qxf3 Ne4
21. Rfc1 h6 22. Qe2 Nd6 23. a4 bxa4 24. Rxa4 Qc4 25. Qxc4 Nxc4 26. Ra2 e5 27.
dxe5 Nxe5 28. Rd1 Rd8 29. Rad2 Nc6 30. Rxd5 Rxd5 31. Rxd5 Kh7 32. Kh2 f6 33. f4
Re8 34. Rd3 Kg6 35. Kg3 Kf5 36. Rd5+ Ke4 37. Rd6 Nxb4 38. cxb4 Kxe3 39. Rd7 g5
40. fxg5 hxg5 41. Rg7 1/2-1/2

[Event "Tournoi francophone 018F"]
[Site "Skype"]
[Date "????.??.??"]
[Round "6.2"]
[White "Colangelo, Michele"]
[Black "Ortis, Yves"]
[Result "1/2-1/2"]
[WhiteElo "1158"]
[BlackElo "1134"]
[PlyCount "46"]

1. e4 c5 2. Bc4 e6 3. Nf3 Nc6 4. e5 h6 5. d4 cxd4 6. Nxd4 Nxd4 7. Qxd4 Bb4+ 8.
Bd2 a5 9. c3 Be7 10. Bf4 Qc7 11. Nd2 Bc5 12. Qd3 Qb6 13. Be3 Bxe3 14. fxe3 Qxb2
15. Rb1 Qa3 16. O-O Ne7 17. Ne4 O-O 18. Nd6 Nc6 19. Nb5 Qc5 20. a4 Nxe5 21. Qd6
Qxe3+ 22. Kh1 Nxc4 23. Nc7 Nd2 1/2-1/2

[Event "Tournoi francophone 018F"]
[Site "Skype"]
[Date "????.??.??"]
[Round "6.4"]
[White "Montilla Bejarano, Mey"]
[Black "Hargez, Dany"]
[Result "1-0"]
[WhiteElo "1088"]
[BlackElo "1296"]
[PlyCount "59"]

1. d4 d5 2. Nf3 Bg4 3. h3 Bh5 4. Bf4 Nf6 5. Nbd2 e6 6. c3 Bd6 7. Ne5 O-O 8. g4
Bg6 9. Ndf3 Nbd7 10. e3 c5 11. Bd3 Nxe5 12. dxe5 Ne4 13. exd6 d4 14. exd4 cxd4
15. Qc2 f5 16. gxf5 exf5 17. Nxd4 Nxd6 18. O-O-O Rc8 19. Ne6 Qa5 20. Nxf8 Qxa2
21. Bxd6 Rd8 22. Be7 Re8 23. Rhe1 Bh5 24. Bxf5 Qa1+ 25. Kd2 Bxd1 26. Bxh7+ Kh8
27. Rxd1 Qa5 28. Ng6+ Kxh7 29. Nf8+ Kh8 30. Qh7# 1-0

[Event "Tournoi francophone 018F"]
[Site "Skype"]
[Date "????.??.??"]
[Round "6.5"]
[White "Maccaferri, Massimo"]
[Black "Codina, Teresa"]
[Result "0-1"]
[WhiteElo "1052"]
[BlackElo "1305"]
[PlyCount "30"]

1. b3 e6 2. Ba3 Bxa3 3. Nxa3 a6 4. e4 d5 5. exd5 exd5 6. d4 Nf6 7. g3 c6 8. Be2
Be6 9. g4 Qa5+ 10. b4 Qxa3 11. Rb1 Nbd7 12. Rb2 Qxb2 13. c3 Qxc3+ 14. Qd2 Qxd2+
15. Kxd2 Nxg4 0-1

[Event "Tournoi francophone 018F"]
[Site "Skype"]
[Date "????.??.??"]
[Round "7.1"]
[White "Codina, Teresa"]
[Black "Rodriguez, Nathalie"]
[Result "1-0"]
[WhiteElo "1305"]
[BlackElo "1164"]
[PlyCount "59"]

1. d4 d5 2. Nf3 Bf5 3. e3 e6 4. Bd3 Bxd3 5. Qxd3 Nf6 6. Nbd2 Nc6 7. a3 h6 8. b3
a6 9. Bb2 Bd6 10. O-O O-O 11. h3 Re8 12. Ne5 Nxe5 13. dxe5 Bxe5 14. Bxe5 c6 15.
Nf3 Rc8 16. Rfd1 Ne4 17. Rac1 f6 18. Bb2 b5 19. Qe2 c5 20. Nd2 Nd6 21. Qf3 Rf8
22. Qg3 Nf5 23. Qg4 d4 24. exd4 cxd4 25. Nf3 e5 26. Qxf5 a5 27. Nd2 b4 28. a4
Rf7 29. Ne4 Qd5 30. Qxc8+ 1-0

[Event "Tournoi francophone 018F"]
[Site "Skype"]
[Date "????.??.??"]
[Round "7.2"]
[White "Hargez, Dany"]
[Black "Maccaferri, Massimo"]
[Result "0-1"]
[WhiteElo "1296"]
[BlackElo "1052"]
[PlyCount "58"]

1. e4 e5 2. Nf3 Nc6 3. Bc4 Nd4 4. Nxd4 exd4 5. O-O d6 6. d3 Qf6 7. e5 Qg6 8.
Qf3 dxe5 9. Re1 Bg4 10. Qg3 O-O-O 11. Bxf7 Qf5 12. Rxe5 Qd7 13. Bf4 h5 14. h4
Qxf7 15. Ra5 Re8 16. Nd2 Bb4 17. Rxa7 Re2 18. Ra8+ Kd7 19. Bxc7 Rxd2 20. Rd8+
Ke7 21. Re1+ Be6 22. Qg5+ Qf6 23. Qxd2 Bxd2 24. Re2 Bf4 25. g3 Bxc7 26. Ra8 Qf3
27. Re4 Kd7 28. Rxd4+ Bd5 29. c4 Qg2# 0-1

[Event "Tournoi francophone 018F"]
[Site "Skype"]
[Date "????.??.??"]
[Round "7.4"]
[White "Ortis, Yves"]
[Black "Gerbaux, Regis"]
[Result "1-0"]
[WhiteElo "1134"]
[BlackElo "1072"]
[PlyCount "75"]

1. c4 c5 2. e4 e5 3. Nf3 Nc6 4. a3 Nf6 5. d3 d6 6. Be2 Be7 7. Nc3 h6 8. h3 O-O
9. O-O a6 10. Bd2 b5 11. Qc1 bxc4 12. dxc4 Rb8 13. Qc2 Be6 14. Nd5 Nd4 15.
Nxe7+ Qxe7 16. Nxd4 cxd4 17. Bb4 Rfc8 18. b3 Qd8 19. Bd2 Qb6 20. b4 d5 21. f4
d3+ 22. c5 dxc2 23. cxb6 exf4 24. Bxf4 Rxb6 25. Rac1 dxe4 26. Be3 Rbc6 27. b5
axb5 28. Bxb5 Rc3 29. Ba6 Rxe3 30. Bxc8 Rxa3 31. Bxe6 fxe6 32. Rxc2 Nd5 33.
Rc8+ Kh7 34. Kh2 Ne3 35. Rff8 Ra2 36. h4 Rxg2+ 37. Kh3 Rg6 38. Rh8# 1-0

[Event "Tournoi francophone 018F"]
[Site "Skype"]
[Date "????.??.??"]
[Round "7.5"]
[White "Tolaro, Filippa"]
[Black "Colangelo, Michele"]
[Result "1-0"]
[WhiteElo "1199"]
[BlackElo "1158"]
[PlyCount "47"]

1. Nf3 d5 2. d4 Nf6 3. e3 a6 4. Bd3 e6 5. b3 Nc6 6. Bb2 Bb4+ 7. Nbd2 O-O 8. O-O
Bd6 9. Ne5 Bd7 10. f4 Ne7 11. Nxd7 Qxd7 12. Nf3 Ng6 13. Ne5 Bxe5 14. dxe5 Ne8
15. f5 exf5 16. Bxf5 Qe7 17. Qh5 Qh4 18. Qxh4 Nxh4 19. Bg4 f6 20. Bh5 fxe5 21.
Bxe5 Rxf1+ 22. Rxf1 Nd6 23. g3 Rf8 24. gxh4 1-0

[Event "Tournoi francophone 018F"]
[Site "Skype"]
[Date "????.??.??"]
[Round "8.1"]
[White "Rodriguez, Nathalie"]
[Black "Colangelo, Michele"]
[Result "1-0"]
[WhiteElo "1164"]
[BlackElo "1158"]
[PlyCount "59"]

1. d4 Nf6 2. Bf4 d5 3. e3 a6 4. h3 e6 5. Nf3 c5 6. c3 Nc6 7. Nbd2 c4 8. Be2 h6
9. b3 b5 10. bxc4 bxc4 11. Qa4 Bd7 12. O-O Nxd4 13. Qd1 Nc6 14. Rb1 Qa5 15. Qc2
Na7 16. Ne5 Ba4 17. Qb2 Bd6 18. Qb7 O-O 19. Qb2 Bb5 20. Bf3 Ba3 21. Qa1 Ba4 22.
e4 Rfb8 23. Rxb8+ Rxb8 24. exd5 Bb2 25. Qb1 Nxd5 26. Bxd5 exd5 27. Nexc4 dxc4
28. Bxb8 Qb6 29. Bxa7 Qxa7 30. Qxb2 1-0

[Event "Tournoi francophone 018F"]
[Site "Skype"]
[Date "????.??.??"]
[Round "8.3"]
[White "Montilla Bejarano, Mey"]
[Black "Ortis, Yves"]
[Result "0-1"]
[WhiteElo "1088"]
[BlackElo "1134"]
[PlyCount "46"]

1. d4 d5 2. Nf3 Nc6 3. Bf4 h6 4. h3 Bf5 5. c3 e6 6. Qa4 a6 7. c4 Nf6 8. Ne5
Bb4+ 9. Bd2 Bxd2+ 10. Nxd2 O-O 11. e3 Qd6 12. c5 Qe7 13. Nxc6 bxc6 14. Qxc6
Rab8 15. b3 e5 16. dxe5 Qxe5 17. Rd1 Bc2 18. Be2 Bxd1 19. Bxd1 Qc3 20. f3 Qxe3+
21. Be2 Rfe8 22. Qxa6 Qc3 23. O-O Qxd2 0-1

[Event "Tournoi francophone 018F"]
[Site "Skype"]
[Date "????.??.??"]
[Round "8.5"]
[White "Codina, Teresa"]
[Black "Hargez, Dany"]
[Result "1-0"]
[WhiteElo "1305"]
[BlackElo "1296"]
[PlyCount "83"]

1. d4 e5 2. dxe5 Nc6 3. Nf3 d5 4. exd6 Bxd6 5. e3 Bg4 6. Nbd2 Nf6 7. h3 Bh5 8.
b3 O-O 9. Bb2 Be5 10. c3 h6 11. Be2 Nd7 12. Qc1 Qf6 13. O-O a6 14. Rd1 b5 15.
Re1 b4 16. Ne4 Qf5 17. Nxe5 Ndxe5 18. cxb4 Bxe2 19. Rxe2 Qxe4 20. Bxe5 Nxe5 21.
Qxc7 Rac8 22. Qb6 Rc6 23. Qd4 Qf5 24. a4 Rg6 25. Kf1 Nc6 26. Qf4 Qe5 27. Rc1
Qb8 28. Rec2 Nxb4 29. Rc8 Rxc8 30. Rxc8+ Qxc8 31. Qxb4 Rc6 32. Qh4 Rc1+ 33. Ke2
Qc2+ 34. Kf3 Qd1+ 35. Kg3 Qxb3 36. Qd8+ Kh7 37. Qe7 Qb8+ 38. Kg4 Rc4+ 39. f4
Rxa4 40. Qxf7 Qxf4+ 41. exf4 Rxf4+ 42. Qxf4 1-0

[Event "Tournoi francophone 018F"]
[Site "Skype"]
[Date "????.??.??"]
[Round "9.1"]
[White "Hargez, Dany"]
[Black "Rodriguez, Nathalie"]
[Result "1-0"]
[WhiteElo "1296"]
[BlackElo "1164"]
[PlyCount "43"]

1. e4 e5 2. Bc4 Nc6 3. d3 Nf6 4. Nf3 h6 5. Bd5 Nxd5 6. exd5 Nd4 7. Nxe5 f6 8.
Ng6 Rg8 9. O-O Bc5 10. Re1+ Kf7 11. Qh5 Re8 12. Be3 d6 13. Nh4+ Kf8 14. Na3
Bxa3 15. Bxd4 Bc5 16. c3 Bxd4 17. cxd4 Bd7 18. Re2 Qc8 19. Ng6+ Kf7 20. Ne7+ g6
21. Qxg6+ Kf8 22. Qg8# 1-0